01666cam a22003977a 4500003000500000005001700005008004100022010001000063011001000073035001000083040000900093090001000102100005000112245024300162260003700405300002200442502012500464590003700589590004100626590004100667590004100708590004100749590004100790590004200831650003800873650004000911650002400951650003300975650003101008901000701039905002601046942001001072949004201082999001701124952012701141CHAP20220329142046.0990513d1999 mx r 00110 spa d a77781 a78753 a88812 cCHAP aTesis00aDomínguez García, Mario Guillermo.93381210aEfecto del nitrógeno, fósforo y densidades de población sobre componentes agronómicos de la línea L3 (R4M5) de soya "Glycine max (L.) Merrill" obtenida mediante irradiación recurrentec/por Mario Guillermo Domínguez García aCocula, Gro. :bEl autor,c1999. a70 h. :bgráfs. aTesis (Ing. Agr. Fitotecnista) -- Colegio Superior Agropecuario del Estado de Guerrero. Centro de Estudios Profesionales aALEPHb10c20130110lUCH01h1429 aBATCH-UPDb10c20130110lUCH01h0011 aBATCH-UPDb10c20130110lUCH01h1604 aBATCH-UPDb10c20130409lUCH01h1948 aBATCH-UPDb10c20130410lUCH01h1001 aBATCH-UPDb10c20130914lUCH01h1426 aCONVERSIONb10c20130109lUCH01h134314aFósforoxEfecto en soya.94225514aNitrógenoxEfecto en soya.98146214aRayos gamma.99485614aSoyaxEspaciamiento.910904714aSoyaxRendimiento.9109084 aBK aBlanca M. García O. cTESIS bBCcTESd888121eTS1h33993i88812sb c77781d77781 00102local4051708TESISaBCbBCcPA_TESISd2019-12-31fTESISl0oTesisp888121r2019-12-31 00:00:00w2019-12-31yTESIS